000 00347nam a2200169Ia 4500
100 _aLeonhard/Werner
650 _aElectric drives
250 _a3
942 _cBK
366 _f25
245 _aControl of Electric Drives
260 _bSpringer
_c2001
082 _a629.3043
_bLEO
300 _a460
546 _aENGLISH
_cTTL
999 _c22823
_d22823